000 00844nam a2200217 i 4500
001 bg
245 0 0 _aWspółczesne kierunki rozwoju przemysłu chemicznego :
_bbadania podstawowe - technologia - inżynieria chemiczna : konferencja naukowa, Szczecin wrzesień 1997 /
_cPolitechnika Szczecińska. Wydział Technologii i Inżynierii Chemicznej.
260 _aSzczecin :
_bWydaw. Uczelniane PS,
_c1997.
300 _a96 s. :
_brys., wykr. ;
_c24 cm.
504 _aBibliogr. przy ref.
650 9 _aTechnologia chemiczna
655 _aMateriały konferencyjne
710 0 _aPOLITECHNIKA SZCZECIŃSKA (Szczecin)
_bWydział Technologii i Inżynierii Chemicznej
020 _a8387423408
040 _cBPK
041 0 _apl
080 _a66.01/.09(061.3)
920 _a83-87423-40-8
942 _cKS
008 s pl f |000 0 pol
999 _c32915
_d32915
856 _uhttp://koha.tu.koszalin.pl/cgi-bin/koha/opac-detail.pl?biblionumber=32915
_yKatalog online BPK